Marketingová komunikácia maloobchodného reťazca bakalárska práca

Guardado en:
Detalles Bibliográficos
Autor principal: Masárová, Katarína
Autor Corporativo: Obchodná fakulta EU. Katedra marketingu
Otros Autores: Bzdúšek, Ivan
Formato: Libro
Lenguaje:eslovaco
Publicado: Bratislava 2011
Etiquetas: Agregar Etiqueta
Sin Etiquetas, Sea el primero en etiquetar este registro!

MARC

LEADER 00000nbm a2200000 4500
001 0132032
005 20161109111427.3
041 0 |a slo 
044 |a SK 
245 1 0 |a Marketingová komunikácia maloobchodného reťazca  |b bakalárska práca  |c Katarína Masárová ; školiteľ: Ivan Bzdúšek 
264 1 |a Bratislava  |c 2011 
300 |a 45 s. 
100 1 |a Masárová, Katarína 
700 1 |a Bzdúšek, Ivan 
710 2 |a Obchodná fakulta EU. Katedra marketingu